Learning Resource and Development

Proposal writing : (Record no. 3139)

MARC details
000 -LEADER
fixed length control field 00834nam a22002537a 4500
005 - DATE AND TIME OF LATEST TRANSACTION
control field 20230512221829.0
008 - FIXED-LENGTH DATA ELEMENTS--GENERAL INFORMATION
fixed length control field 180402t xxu||||| |||| 00| 0 eng d
020 ## - INTERNATIONAL STANDARD BOOK NUMBER
International Standard Book Number 9781412988995
040 ## - CATALOGING SOURCE
Transcribing agency CSPC
082 0# - DEWEY DECIMAL CLASSIFICATION NUMBER
Classification number 658.15224
Item number C679p
100 ## - MAIN ENTRY--PERSONAL NAME
Personal name Coley, Soraya M.,
Relator term author.
245 00 - TITLE STATEMENT
Title Proposal writing :
Remainder of title effective grantsmanship /
Statement of responsibility, etc. Soraya M. Coley
250 ## - EDITION STATEMENT
Edition statement 4th
Remainder of edition statement edition
260 ## - PUBLICATION, DISTRIBUTION, ETC.
Place of publication, distribution, etc. California :
Name of publisher, distributor, etc. Sage,
Date of publication, distribution, etc. 2014.
300 ## - PHYSICAL DESCRIPTION
Extent ix, 135 pages :
Other physical details figures, tables ;
Dimensions 23 cm.
500 ## - GENERAL NOTE
General note Includes Bibliographical references and Index.
650 10 - SUBJECT ADDED ENTRY--TOPICAL TERM
Topical term or geographic name entry element Proposal writing in human services.
650 10 - SUBJECT ADDED ENTRY--TOPICAL TERM
Topical term or geographic name entry element Social service.
700 1# - ADDED ENTRY--PERSONAL NAME
Personal name Scheinberg, Cynthia A.,
Relator term author.
940 ## - EQUIVALENCE OR CROSS-REFERENCE--UNIFORM TITLE [OBSOLETE] [CAN/MARC only]
Uniform title <a href="123">123</a>
942 ## - ADDED ENTRY ELEMENTS (KOHA)
Koha item type
-- CIR 658.15224 C679p 2014
Holdings
Withdrawn status Lost status Damaged status Not for loan Home library Current library Shelving location Date acquired Total Checkouts Full call number Barcode Date last seen Copy number Price effective from Koha item type
        Main Library Main Library Circulation Section 05/12/2023   CIR 658.15224 C679p 2014 016901 05/12/2023 1-2 05/12/2023 Books
        Main Library Main Library Circulation Section 05/12/2023   CIR 658.15224 C679p 2014 016902 05/12/2023 2-2 05/12/2023 Books